Anagrammes de titres de film - Statistiques

Statistiques générales
  • Ce quiz a été pris 48 fois
  • Le résultat moyen est 2 sur 25
Statistiques - réponses
Année Anagramme Film % Correct
1966 Le ruban, la dent et le butor Le bon, la brute et le truand
61%
1984 Miner à tort Terminator
27%
1927 Le mot sirop Metropolis
20%
1978 Les rennes d'eau géniaux Le seigneur des anneaux
17%
1972 Lapin rare Le parrain
15%
1997 Abeille svelte La vie est belle
7%
1931 La veille des meilleurs Les lumières de la ville
7%
1954 Terreur confuse Fenêtre sur cour
5%
1969 Emmerder les boas L'armée des ombres
5%
1940 Tirade culte Le Dictateur
5%
1982 Le darne brun Blade Runner
2%
2013 Rude dragon Gare du Nord
2%
1968 La nationaliste sudiste fou Il était une fois dans l'Ouest
2%
2013 Le sieur Aigle La religieuse
2%
1958 Furies des ours Sueurs froides
2%
1987 Chien maté The Iceman
2%
2013 Le haut chambellan de casino La Chute de la Maison Blanche
0%
1960 Vile tare La Vérité
0%
2013 Vendredi nul faute impardonnsble Le dernier pub avant la fin du monde
0%
2012 Bimensuel viril Le mur invisible
0%
2012 L'adieu des cheveux Les chevaux de Dieu
0%
1957 La gentillesse de Rosier Les sentiers de la Gloire
0%
1954 Pars, l'atome suisse Les sept samourais
0%
2013 Quel pentarque Né quelque part
0%
2008 Le coq fou amusant Quantum of Solace
0%
Aucun quiz correspondant
Distribution des résultats
% des personnes avec chaque résultat
Percentile par nombre de réponses
Votre historique - résultats
Vous n’avez pas pris ce quiz